LEADER 01276nam a2200241 i 4500 001 000000195515 003 CaOOAMICUS 005 20101216000000.0 008 101216s1972 it u000 u ita u 013 $a174192 040 $aSeMil$bita 100 1 $aBartoletti, Enrico .$0(OLS)http://semarc/name/25431 245 13$aIl Cardinale Elia Dalla Costa :$bcommemorazione ufficiale tenuta in Palazzo Vecchio nel centenario della nascita e nel decennale della scomparsa : Firenze, 27 novembre 1972 /$cMons. Enrico Bartoletti Segretario Generale della C.E.I. 260 $aFirenze :$b[s.n.],$c1972. 300 $a31 p., [1] c. di tav. ;$c24 cm. 500 $aFondo Card. Giovanni Colombo. 600 14$aDalla Costa, Elia .$0(OLS)http://semarc/subject/7147 850 $aSeMil 852 $aSeMil$W1$xVenegono$y1$m5B XII 5/14$j146084$B146084$CSeMilBibl$Z2$F157586 $81 941 1 $a3 961 $aLascito: Colombo Card. Giovanni 996 $6245$aIl Cardinale Elia Dalla Costa :$bcommemorazione ufficiale tenuta in Palazzo Vecchio nel centenario della nascita e nel decennale della scomparsa : Firenze, 27 novembre 1972$9(OLS)http://semarc/title/282113 996 $6260$aFirenze :$b[s.n.]$9(OLS)http://semarc/publisher/30464 LEADER 00958nam a2200265 i 4500 001 000000120625 003 CaOOAMICUS 005 20230918120711.0 008 050927s1973 fr u000 u fre u 013 $a93319 040 $aSeMil$bita 100 1 $aLubin, Georges.$0(OLS)http://semarc/name/9026 245 10$aAlbum Sand /$ciconographie réunie commentée par Georges Lubin. 260 $a[Paris] :$bGallimard,$ccopyr. 1973. 300 $a249 p. :$briccamente ill. ;$c18 cm. 490 0 $aBibliothèque de la pléiade 500 $aFondo Ciprandi. 830 0$aBibliothèque de la Pléiade.$0(OLS)http://semarc/title/42418 850 $aSeMil 852 $aSeMil$W1$xVenegono$y1$m5P I 4$j75781$B75781$CSeMilBibl$Z2$F103448 $81 941 1 $a1 961 $aOmaggio: Ciprandi dott. Paolo 996 $6245$aAlbum Sand$9(OLS)http://semarc/title/177517 996 $6260$a[Paris] :$bGallimard$9(OLS)http://semarc/publisher/30050